000 00771nam a22002057a 4500
999 _c742
_d742
003 AR-CdUCM
008 190225b ||||| |||| 00| 0 spa d
040 _aMUNICIPALIDAD PROVINCIAL DEL CUSCO
_cBIBLIOTECA MUNICIPAL DEL CUSCO
082 _a838.95 /
_bM22
100 _aMann, Thomas
_92844
245 _aLa montaña mágica /
260 _aBuenos Aires :
_bEditorial americana;
_c2002.
300 _a330 paginas ;
_c25 cm.
505 _aLa pila bautismal y los dos aspectos del abuelo -- Ensayo de conversación francesa -- Eterna sopa y repentina claridad -- El gran embrutecimiento -- Se rechaza el asalto ...
650 _aNovelas alemanas
_92845
650 _aSiglo XX
_98
650 _aNovelas psicológicas
_92846
942 _2ddc
_cLIBROS
945 _arum
_d2019-02-25